00655nam a2200193 a 4500008004100000020002100041100002100062245010200083246002600185260003700211300003300248440006800281504004100349700002100390700002300411003000100434005001700435040000900452  a3880854831(pbk.)1 aWinkler, Helmut.10aEngineers in Tanzania :ba seconday analysis /cHelmut Winkler, Klaus Hartmann, Harald Schomburg. aA secondary analysis. aEschborn :bDeutsche GTZ,c1992. avi, 171 p. :bill. ;c21 cm. aDeutsche Gesellschaft fur Technische Zusammenarbeit (GTZ) GmbH. aIncludes bibliographical references. aHartmann, Klaus. aSchomburg, Harald.20230123134400.0 cNUST